| 000 | 00509nam a22001457a 4500 | ||
|---|---|---|---|
| 999 |
_c535718 _d535718 |
||
| 082 | _a621.3678 | ||
| 100 | _aAli, Mehreen | ||
| 245 |
_aMapping Dengue Vector Habitat and Distribution in Ayub Park and Gulistan Colony, Rawalpindi / _cMehreen Ali. |
||
| 260 |
_aIslamabad : _bIGIS - NUST, _c2017. |
||
| 300 |
_a102 p. : ill. ; _c30cm. |
||
| 942 |
_2ddc _cTHE |
||
| 650 |
_aRemote Sensing & GIS - MS Theses. _928080 |
||
| 700 |
_aSup Dr. Salman Atif. _930499 |
||